MARC details
| 000 -CABECERA |
| campo de control de longitud fija |
01038nam a2200241 a 4500 |
| 001 - NÚMERO DE CONTROL |
| campo de control |
000023014 |
| 005 - FECHA Y HORA DE LA ÚLTIMA TRANSACCIÓN |
| campo de control |
20200930021931.0 |
| 008 - DATOS DE LONGITUD FIJA--INFORMACIÓN GENERAL |
| campo de control de longitud fija |
101124s2000 mx a r 001 0 spa d |
| 020 ## - NÚMERO INTERNACIONAL ESTÁNDAR DEL LIBRO |
| Número Internacional Estándar del Libro |
9684444184 |
| 040 ## - FUENTE DE LA CATALOGACIÓN |
| Centro catalogador/agencia de origen |
DO-SdBNP |
| Lengua de catalogación |
spa |
| Centro/agencia transcriptor |
BNPHU |
| 041 17 - CÓDIGO DE LENGUA |
| Código de lengua del texto/banda sonora o título independiente |
spa |
| Código de lengua original |
eng |
| Fuente del código |
Código de idiomas MARC |
| 082 ## - NÚMERO DE LA CLASIFICACIÓN DECIMAL DEWEY |
| Número de clasificación |
nnnn |
| Número de documento/Ítem |
K39p |
| 049 ## - FONDOS LOCALES (OCLC) |
| Fondos de biblioteca |
BNGR |
| 100 1# - ENTRADA PRINCIPAL--NOMBRE DE PERSONA |
| Nombre de persona |
Kernighan, Brian W., |
| Fechas asociadas al nombre |
1942- |
| 9 (RLIN) |
47346 |
| 240 14 - TÍTULO UNIFORME |
| Título uniforme |
The practice of programming. |
| Lenguaje de la obra |
Español. |
| 245 13 - MENCIÓN DE TÍTULO |
| Título |
La práctica de la programación / |
| Mención de responsabilidad, etc. |
Brian W. Kernghan, Rob Pike ; traducción de Guillermo Levine Gutiérrez ; edición de José Luis Vázquez Chavarría. |
| 260 ## - PUBLICACIÓN, DISTRIBUCIÓN, ETC. |
| Lugar de publicación, distribución, etc. |
México : |
| Nombre del editor, distribuidor, etc. |
Pearson Educación, |
| Fecha de publicación, distribución, etc. |
2000. |
| 300 ## - DESCRIPCIÓN FÍSICA |
| Extensión |
266 p. : |
| Otras características físicas |
il. ; |
| Dimensiones |
24 cm. |
| 504 ## - NOTA DE BIBLIOGRAFÍA, ETC. |
| Nota de bibliografía, etc. |
Incluye referencias bibliográficas y notas al pie de las páginas. |
| 534 ## - NOTA SOBRE LA VERSIÓN ORIGINAL |
| Frase introductoria |
Título original en inglés: |
| Mención de título del original |
The practice of programming. |
| Publicación, distribución, etc. del original |
Massachusetts, E.U.A. : Addison Wesley Longman, 1999. |
| Número Internacional Estándar del Libro |
020161586x |
| 700 1# - PUNTO DE ACCESO ADICIONAL--NOMBRE DE PERSONA |
| Nombre de persona |
Levine Gutiérrez, Guillermo, |
| Término indicativo de función/relación |
tr. |
| 9 (RLIN) |
43945 |
| 700 1# - PUNTO DE ACCESO ADICIONAL--NOMBRE DE PERSONA |
| Nombre de persona |
Vázquez Chavarría, José Luis, |
| Término indicativo de función/relación |
ed. |
| 9 (RLIN) |
47347 |